Las entidades federativas y el derecho constitucional (Record no. 83533)

MARC details
000 -LEADER
fixed length control field 00852nam a22002177a 4500
005 - DATE AND TIME OF LATEST TRANSACTION
control field 20230314105140.0
008 - FIXED-LENGTH DATA ELEMENTS--GENERAL INFORMATION
fixed length control field 230306b mx ||||| |||| 00| 0 spa d
020 ## - INTERNATIONAL STANDARD BOOK NUMBER
International Standard Book Number 9703212913
050 04 - LIBRARY OF CONGRESS CALL NUMBER
Classification number KGF2943
Item number E58 2003
245 04 - TITLE STATEMENT
Title Las entidades federativas y el derecho constitucional
Remainder of title : democracia y regulación electoral un verdadero federalismo
Statement of responsibility, etc / Gámiz Parral, Máximo N. coordinador.
250 ## - EDITION STATEMENT
Edition statement 1a ed.
260 ## - PUBLICATION, DISTRIBUTION, ETC. (IMPRINT)
Place of publication, distribution, etc México :
Name of publisher, distributor, etc Universidad Nacional Autónoma de México. Instituto de Investigaciónes Jurídicas,
Date of publication, distribution, etc 2003
300 ## - PHYSICAL DESCRIPTION
Extent xxv, 499 p. ;
Dimensions 21 cm.
490 0# - SERIES STATEMENT
Series statement Doctrina Jurídica Estatal ;
Volume number/sequential designation 4
504 ## - BIBLIOGRAPHY, ETC. NOTE
Bibliography, etc Incluye bibliografía
650 #7 - SUBJECT ADDED ENTRY--TOPICAL TERM
Source of heading or term lemb
Topical term or geographic name as entry element Derecho constitucional
Geographic subdivision México
650 #7 - SUBJECT ADDED ENTRY--TOPICAL TERM
Source of heading or term lemb
Topical term or geographic name as entry element Gobierno federal
Geographic subdivision México
650 #7 - SUBJECT ADDED ENTRY--TOPICAL TERM
Source of heading or term lemb
Topical term or geographic name as entry element Democracia
700 1# - ADDED ENTRY--PERSONAL NAME
Personal name Gámíz Parral, Máximo N.,
Relator term autor
942 ## - ADDED ENTRY ELEMENTS (KOHA)
Source of classification or shelving scheme Biblioteca del Cogreso de los Estados Unidos
Koha item type Libro
Holdings
Estado de pérdida Fuente de clasificación Estado del daño No para préstamo Ubicación permanente Ubicación actual Apartado o colección Fecha de adquisición Fuente de adquisición Edición Área del conocimiento Total Checkouts Clasificación Código de Barras Date last seen Número de copia Costo por reposición Tipo de recurso
  Biblioteca del Cogreso de los Estados Unidos     Biblioteca del Posgrado en Derecho Biblioteca del Posgrado en Derecho Colección Ernesto Villanueva 14/03/2023 Donación 1a ed. Ciencias Sociales y Administrativas   KGF2943 E58 2003 BPD000001841 14/03/2023 1 1.00 Libro